000 00918nam a2200253 a 4500
001 8330
003 CO-ViMGA
008 141112s2004 ck r 000 u spa d
040 _aCO-ViMGA
_bspa
_cCO-ViMGA
082 0 4 _a341.758 A87p
100 1 _aAstudillo Gomez, Francisco
_98185
245 1 0 _aProteccion legal de resultados de Investigación y desarrollo /
_cAstudillo Gomez Francisco
260 _aBogotá,
_cSecab,
_c1994
300 _a72 p.
490 _aPrograma nacional de Gerencia en ciencia y tecnologia
500 _aModulo 16/16.
590 _aForma de adquisición : donacion - - Proveedor : Red Nacional de Bibliotecas Publicas et al. - - Ejemplares : 2
650 1 4 _aciencia y tecnologia
_98186
650 1 4 _aderechos de autor
650 1 4 _aInvestigación cientifica - derechos de autor
_98187
650 1 4 _amarcas de fabrica
_98188
650 1 4 _apropiedad industrial
_98189
942 _2ddc
_cBK
999 _c20111
_d20111